[Event "27th North American Open"]
[Site "Las Vegas"]
[Date "2017.12.29"]
[Round "7"]
[White "Inapuri, Ramya"]
[Black "Higashino, Tetsuo"]
[Result "1/2-1/2"]
[WhiteElo "2143"]
[BlackElo "1979"]
[PlyCount "90"]
[EventDate "2017.12.??"]
[EventType "swiss"]
[EventRounds "9"]
[EventCountry "USA"]
[Source "MonRoi"]

1. d4 g6 2. g3 Bg7 3. Bg2 d6 4. c4 Nf6 5. Nc3 O-O 6. e4 e5 7. d5 a5 8. Nge2 Na6
9. O-O Bd7 10. h3 c6 11. Be3 cxd5 12. cxd5 Rc8 13. Qb3 Nc5 14. Bxc5 Rxc5 15.
Qxb7 Qb8 16. Qxb8 Rxb8 17. Rab1 Bh6 18. Rfd1 Ne8 19. Kh2 f5 20. f3 Nc7 21. h4
Nb5 22. Rd3 Nd4 23. Ng1 a4 24. Nh3 a3 25. b4 Rc4 26. b5 Bd2 27. Ne2 Nxe2 28.
Rxd2 Nc3 29. Rc1 Bxb5 30. Rdc2 Rbc8 31. Bf1 R4c5 32. Bxb5 Nxb5 33. Rxc5 Rxc5
34. Rb1 Rc2+ 35. Kg1 Nc3 36. Rb8+ Kg7 37. Ng5 Rxa2 38. Rb7+ Kg8 39. Rb8+ Kg7
40. Rb7+ Kf8 41. Ne6+ Ke8 42. Ng7+ Kd8 43. Ne6+ Ke8 44. Ng7+ Kd8 45. Ne6+ Ke8
1/2-1/2

[Event "27th North American Open"]
[Site "Las Vegas"]
[Date "2017.12.29"]
[Round "8.1"]
[White "Sevian, Samuel"]
[Black "Hess, Robert"]
[Result "1/2-1/2"]
[WhiteElo "2614"]
[BlackElo "2568"]
[PlyCount "172"]
[EventDate "2017.12.??"]
[EventType "swiss"]
[EventRounds "9"]
[EventCountry "USA"]
[Source "MonRoi"]

1. e4 e5 2. Nf3 Nc6 3. Bb5 a6 4. Ba4 Nf6 5. d3 d6 6. c3 Be7 7. O-O O-O 8. Re1
b5 9. Bc2 Bb7 10. Nbd2 Re8 11. d4 Bf8 12. h3 g6 13. d5 Ne7 14. b3 c6 15. c4 Bg7
16. Bb2 Qb6 17. a4 cxd5 18. cxd5 Nh5 19. Nf1 Reb8 20. Ne3 Bc8 21. Ba3 Nf4 22.
a5 Qc7 23. Qd2 Bd7 24. Qb4 Nc8 25. h4 Bh6 26. Rac1 Qd8 27. g3 Nh5 28. Bd3 Rb7
29. Rc2 Rc7 30. Rxc7 Qxc7 31. Nh2 Nf6 32. Bc1 Ne7 33. Bd2 Rc8 34. Nf3 Bf8 35.
Ng2 Qb8 36. Bg5 Ng4 37. Nh2 h6 38. Nxg4 Bxg4 39. Bd2 Bf3 40. Be2 Bxe2 41. Rxe2
Kh7 42. Be3 Ng8 43. Ne1 Be7 44. Nd3 Qc7 45. Re1 Qd7 46. Qd2 Qh3 47. Rc1 Nf6 48.
Rxc8 Qxc8 49. f3 Qh3 50. Qg2 Qc8 51. Qd2 Qh3 52. Qg2 Qc8 53. Nb4 Qc3 54. Qd2
Qxb3 55. Nxa6 Bd8 56. Bb6 Bxb6+ 57. axb6 Qxf3 58. Qf2 Qxf2+ 59. Kxf2 Nxe4+ 60.
Ke3 Nf6 61. b7 Nd7 62. Nc7 b4 63. Ne8 Nb8 64. Nxd6 b3 65. Kd3 Kg7 66. Kc3 Kf6
67. Kxb3 Ke7 68. Nc4 f6 69. Kb4 Kd7 70. Kc5 Kc7 71. d6+ Kxb7 72. Kd5 Nd7 73.
Ke6 Kc8 74. Kf7 g5 75. Kg6 gxh4 76. gxh4 e4 77. Kxh6 Ne5 78. Ne3 Kd7 79. Kg7
Kxd6 80. h5 Ke6 81. h6 Nf7 82. h7 Nh8 83. Kxh8 Kf7 84. Nf5 Kf8 85. Ne3 Kf7 86.
Nf5 Kf8 1/2-1/2

[Event "27th North American Open"]
[Site "Las Vegas"]
[Date "2017.12.29"]
[Round "8.2"]
[White "Bryant, John"]
[Black "Li, Ruifeng"]
[Result "0-1"]
[WhiteElo "2437"]
[BlackElo "2569"]
[PlyCount "151"]
[EventDate "2017.12.??"]
[EventType "swiss"]
[EventRounds "9"]
[EventCountry "USA"]
[Source "MonRoi"]

1. e4 c5 2. c3 e6 3. d4 cxd4 4. cxd4 d5 5. e5 Nc6 6. Nf3 Nge7 7. Bd3 Nf5 8.
Bxf5 exf5 9. Nc3 Be6 10. Bg5 Qb6 11. O-O h6 12. Na4 Qc7 13. Bd2 b6 14. Rc1 Qd7
15. Qb3 Be7 16. Rc2 O-O 17. Rfc1 Rac8 18. Kh1 Rfd8 19. Qb5 Nb4 20. Qxd7 Bxd7
21. Rxc8 Rxc8 22. Rxc8+ Bxc8 23. Bxb4 Bxb4 24. a3 Be7 25. Nc3 Be6 26. Ne1 g5
27. g3 f6 28. Nd3 Kf7 29. Kg2 Bd7 30. Kf3 Ke6 31. Ke3 fxe5 32. Nxe5 Be8 33. Nd3
Bc6 34. b4 a6 35. a4 Kd6 36. f4 g4 37. Ne1 h5 38. Kd3 Ke6 39. Nc2 Bd6 40. b5
axb5 41. axb5 Bb7 42. Na4 Bc7 43. Nc5+ bxc5 44. dxc5 Ba5 45. Nd4+ Kf6 46. Nb3
Bb4 47. c6 Ba8 48. Nd4 Ba5 49. Nb3 Bb6 50. Nd4 Bc7 51. Ke3 Ba5 52. Ke2 Bd8 53.
Kd2 Bb6 54. Kd3 Bc5 55. Kc3 Ba7 56. Kd3 Bb6 57. Kc3 Bc7 58. Kd3 h4 59. Ke3 h3
60. Kd3 Ba5 61. Ke3 Bc3 62. Kd3 Bb2 63. Ke3 Ke7 64. Nxf5+ Ke6 65. Nd4+ Kd6 66.
Nb3 Bf6 67. Kd3 Kc7 68. Nc5 Bh4 69. Ne6+ Kb6 70. f5 Bxg3 71. f6 Bxh2 72. Kd4
Bd6 73. Kxd5 Ba3 74. Ke5 h2 75. c7 Bb7 76. Kd4 0-1

[Event "27th North American Open"]
[Site "Las Vegas"]
[Date "2017.12.29"]
[Round "8.3"]
[White "Moradiabadi, Elshan"]
[Black "Subramanian, Arun"]
[Result "1/2-1/2"]
[WhiteElo "2528"]
[BlackElo "2490"]
[PlyCount "27"]
[EventDate "2017.12.??"]
[EventType "swiss"]
[EventRounds "9"]
[EventCountry "USA"]
[Source "MonRoi"]

1. d4 d5 2. c4 e6 3. Nc3 Be7 4. Nf3 Nf6 5. Bg5 h6 6. Bh4 O-O 7. e3 Nbd7 8. Qc2
c5 9. Rd1 Qa5 10. Be2 dxc4 11. Bxc4 a6 12. O-O b5 13. Bd3 cxd4 14. Nxd4 1/2-1/2

[Event "27th North American Open"]
[Site "Las Vegas"]
[Date "2017.12.29"]
[Round "8.4"]
[White "Shmelov, Denys"]
[Black "Ghaemmaghami, Ehsan"]
[Result "1/2-1/2"]
[WhiteElo "2420"]
[BlackElo "2545"]
[PlyCount "64"]
[EventDate "2017.12.??"]
[EventType "swiss"]
[EventRounds "9"]
[EventCountry "USA"]
[Source "MonRoi"]

1. d4 d6 2. Nf3 Bg4 3. c4 c6 4. Qb3 Qb6 5. Qxb6 axb6 6. Nc3 g6 7. h3 Bxf3 8.
exf3 Bg7 9. Be3 Nf6 10. d5 Nfd7 11. Kd2 Na6 12. Be2 O-O 13. a3 Bxc3+ 14. Kxc3
cxd5 15. cxd5 Nf6 16. Rhd1 Nc7 17. Bc4 Ra5 18. b4 Ncxd5+ 19. Bxd5 Nxd5+ 20. Kb3
Nxe3 21. fxe3 Raa8 22. Kc4 Rfc8+ 23. Kb5 Rc6 24. Rdc1 Rac8 25. Rxc6 Rxc6 26. a4
f5 27. a5 bxa5 28. Rxa5 Rc3 29. Kb6 Rxe3 30. Kxb7 Rb3 31. b5 e5 32. Kc6 e4
1/2-1/2

[Event "27th North American Open"]
[Site "Las Vegas"]
[Date "2017.12.29"]
[Round "8"]
[White "Wheeler, Cameron"]
[Black "Checa, Nicolas"]
[Result "1-0"]
[WhiteElo "2384"]
[BlackElo "2474"]
[PlyCount "59"]
[EventDate "2017.12.??"]
[EventType "swiss"]
[EventRounds "9"]
[EventCountry "USA"]
[Source "MonRoi"]

1. c4 Nf6 2. Nf3 c6 3. Nc3 d5 4. e3 a6 5. h3 e6 6. b3 c5 7. cxd5 exd5 8. d4 Nc6
9. Bb2 Bd6 10. dxc5 Bxc5 11. Bd3 O-O 12. O-O Re8 13. Rc1 Ba7 14. Ne2 Qd6 15.
Bb1 Rd8 16. Nfd4 Bd7 17. Ng3 Ne7 18. Qf3 Bb8 19. Rfd1 Ng6 20. Ndf5 Bxf5 21.
Qxf5 Ne5 22. Nh5 Ned7 23. Rc8 Rxc8 24. Nxf6+ gxf6 25. Qxh7+ Kf8 26. Qh8+ Ke7
27. Qxc8 Qh2+ 28. Kf1 Qh1+ 29. Ke2 Qxg2 30. Ba3+ 1-0

[Event "27th North American Open"]
[Site "Las Vegas"]
[Date "2017.12.29"]
[Round "8"]
[White "Paragua, Mark"]
[Black "Coleman, Teddy"]
[Result "1/2-1/2"]
[WhiteElo "2513"]
[BlackElo "2386"]
[PlyCount "39"]
[EventDate "2017.12.??"]
[EventType "swiss"]
[EventRounds "9"]
[EventCountry "USA"]
[Source "MonRoi"]

1. d4 d5 2. Nf3 Nf6 3. Bf4 c6 4. e3 Qb6 5. Qc1 Bf5 6. Be2 e6 7. O-O Nbd7 8. c4
Nh5 9. Be5 f6 10. c5 Qd8 11. Bd6 Bxd6 12. cxd6 Bxb1 13. Rxb1 f5 14. Ne5 Nhf6
15. b4 Rc8 16. f3 O-O 17. Nd3 Rf7 18. Ne5 Rf8 19. Nd3 Rf7 20. Ne5 1/2-1/2

[Event "27th North American Open"]
[Site "Las Vegas"]
[Date "2017.12.29"]
[Round "8"]
[White "Brown, Michael"]
[Black "Kavutskiy, Konstantin"]
[Result "1/2-1/2"]
[WhiteElo "2506"]
[BlackElo "2369"]
[PlyCount "111"]
[EventDate "2017.12.??"]
[EventType "swiss"]
[EventRounds "9"]
[EventCountry "USA"]
[Source "MonRoi"]

1. d4 Nf6 2. c4 g6 3. Nc3 Bg7 4. e4 d6 5. Nf3 O-O 6. Be2 Nbd7 7. O-O e5 8. Be3
Qe7 9. d5 Ng4 10. Bg5 f6 11. Bh4 Nh6 12. Nd2 Nf7 13. b4 h5 14. h3 Bh6 15. Nb3
b6 16. Qc2 a6 17. a4 Ng5 18. Bg3 f5 19. exf5 gxf5 20. Kh1 Nf6 21. Bh4 Qg7 22.
f3 Kh8 23. Bd3 Bd7 24. Rae1 Rae8 25. a5 e4 26. fxe4 Nfxe4 27. Ne2 Nh7 28. axb6
Rg8 29. g3 cxb6 30. Nbd4 Nxg3+ 31. Bxg3 h4 32. Bxf5 hxg3 33. Kg2 Ng5 34. Bxd7
Qxd7 35. Qf5 Qg7 36. h4 Rgf8 37. hxg5 Rxf5 38. Rxf5 Bxg5 39. Ne6 Qg6 40. Rxg5
Qe4+ 41. Kxg3 Rg8 42. Rxg8+ Kxg8 43. N6d4 Qd3+ 44. Nf3 Qxc4 45. Nf4 a5 46. bxa5
bxa5 47. Kg4 a4 48. Ng5 a3 49. Re8+ Kg7 50. Kh5 Qc2 51. Ne4 a2 52. Re7+ Kg8 53.
Re8+ Kg7 54. Re7+ Kg8 55. Re8+ Kg7 56. Re7+ 1/2-1/2

[Event "27th North American Open"]
[Site "Las Vegas"]
[Date "2017.12.29"]
[Round "8"]
[White "Aaron, Deepak"]
[Black "Brattain, Mika"]
[Result "1/2-1/2"]
[WhiteElo "2307"]
[BlackElo "2404"]
[PlyCount "121"]
[EventDate "2017.12.??"]
[EventType "swiss"]
[EventRounds "9"]
[EventCountry "USA"]
[Source "MonRoi"]

1. e4 c6 2. d4 d5 3. Nc3 dxe4 4. Nxe4 Nf6 5. Nxf6+ exf6 6. c3 Bd6 7. Be3 O-O 8.
Bd3 Re8 9. Ne2 Nd7 10. Qc2 Nf8 11. O-O Qc7 12. h3 Be6 13. c4 Qd7 14. Nf4 Bxf4
15. Bxf4 Qxd4 16. Be3 Qd6 17. Rfd1 Qc7 18. b4 a5 19. a3 Ng6 20. Bc5 Kh8 21.
Bxg6 fxg6 22. Bd6 Qf7 23. Rac1 axb4 24. Bxb4 Rad8 25. Rxd8 Rxd8 26. Qe4 h6 27.
Ba5 Rd7 28. h4 c5 29. Qe3 Rd4 30. Re1 Bxc4 31. Qe8+ Qxe8 32. Rxe8+ Kh7 33. Bb6
Rxh4 34. Bxc5 Bd5 35. Bf8 Re4 36. Rxe4 Bxe4 37. Bb4 Kg8 38. Bc3 Kf7 39. Bb4 g5
40. Kh2 h5 41. Bd2 Ke6 42. Kg3 Kf5 43. Be3 b5 44. Bc5 Kg6 45. Bd4 Bc6 46. Bc5
f5 47. Bd6 f4+ 48. Kh2 Kf5 49. Bf8 g6 50. Kh3 g4+ 51. Kh2 Bxg2 52. Kxg2 h4 53.
Be7 h3+ 54. Kh2 Ke4 55. Bc5 Kf3 56. Bd6 g5 57. Bc5 Ke2 58. Bb6 Kf1 59. Bc5 Ke2
60. Bb6 Kf3 61. Bc5 1/2-1/2

[Event "27th North American Open"]
[Site "Las Vegas"]
[Date "2017.12.29"]
[Round "8"]
[White "Sheng, Joshua"]
[Black "Niemann, Hans"]
[Result "1-0"]
[WhiteElo "2392"]
[BlackElo "2297"]
[PlyCount "101"]
[EventDate "2017.12.??"]
[EventType "swiss"]
[EventRounds "9"]
[EventCountry "USA"]
[Source "MonRoi"]

1. e4 e5 2. Nf3 Nc6 3. d4 exd4 4. Nxd4 Nf6 5. Nxc6 bxc6 6. e5 Qe7 7. Qe2 Nd5 8.
c4 Nb6 9. Nd2 Qe6 10. Qe4 Be7 11. Bd3 d5 12. exd6 cxd6 13. O-O Qxe4 14. Bxe4 d5
15. cxd5 cxd5 16. Bd3 O-O 17. Nf3 Bf6 18. Re1 Nc4 19. Rb1 Bg4 20. b3 Bxf3 21.
gxf3 Ne5 22. Be2 Rac8 23. f4 Ng6 24. Bd3 Rc3 25. Rd1 Re8 26. Kg2 d4 27. Kf3
Nh4+ 28. Kg4 g6 29. Bb2 Rc5 30. Rbc1 Ra5 31. a4 Rb8 32. Rc6 h5+ 33. Kh3 Rxb3
34. Rxf6 Nf5 35. Bc1 Rc5 36. Kg2 Rxd3 37. Rxd3 Rxc1 38. Ra6 Rc7 39. Kf1 Rb7 40.
Ke2 Kf8 41. Ra5 Ke7 42. Kd1 Kd6 43. Kc2 Rc7+ 44. Kb2 Re7 45. Ka3 Kc6 46. Kb4
Kb6 47. Re5 Rc7 48. Rb5+ Ka6 49. Rb3 Rc2 50. Rc5 Rxf2 51. Rc6+ 1-0

[Event "27th North American Open"]
[Site "Las Vegas"]
[Date "2017.12.29"]
[Round "8"]
[White "Lehmann, Spencer"]
[Black "Taghizadeh, Rayan"]
[Result "1-0"]
[WhiteElo "2209"]
[BlackElo "2346"]
[PlyCount "61"]
[EventDate "2017.12.??"]
[EventType "swiss"]
[EventRounds "9"]
[EventCountry "USA"]
[Source "MonRoi"]

1. d4 Nf6 2. c4 e6 3. Nc3 Bb4 4. f3 c5 5. d5 d6 6. e4 O-O 7. Bd2 exd5 8. cxd5
Nh5 9. Qe2 g6 10. O-O-O Ng7 11. g4 f5 12. gxf5 gxf5 13. e5 dxe5 14. Qxe5 Nd7
15. Qg3 Nf6 16. Nh3 Nfh5 17. Qf2 Bd7 18. Rg1 Qf6 19. f4 h6 20. Be2 Be8 21. Rg2
Kh7 22. Ng1 Qd6 23. Qh4 Ba5 24. Nf3 Bd8 25. Qh3 Bf6 26. Ne5 Bxe5 27. fxe5 Qxe5
28. Bxh5 Nxh5 29. Re1 Qd4 30. Re7+ Kh8 31. Ne2 1-0

[Event "27th North American Open"]
[Site "Las Vegas"]
[Date "2017.12.29"]
[Round "8"]
[White "Asaria, Danial"]
[Black "Ghatti, Sanjay"]
[Result "1-0"]
[WhiteElo "2347"]
[BlackElo "2212"]
[PlyCount "59"]
[EventDate "2017.12.??"]
[EventType "swiss"]
[EventRounds "9"]
[EventCountry "USA"]
[Source "MonRoi"]

1. c4 e6 2. Nf3 d5 3. e3 Nf6 4. b3 c5 5. Bb2 Nc6 6. cxd5 exd5 7. Bb5 Bg4 8. O-O
Be7 9. h3 Bh5 10. g4 Bg6 11. Ne5 Qb6 12. Bxc6+ bxc6 13. f4 Bxb1 14. Rxb1 h5 15.
g5 Ne4 16. d3 Nd6 17. Qf3 Nf5 18. Kh2 Bd6 19. g6 fxg6 20. Nxg6 Rh6 21. e4 Rxg6
22. exf5 Rh6 23. Bxg7 Rh7 24. Qg3 O-O-O 25. Qg6 Qb4 26. Qxh7 Bxf4+ 27. Kh1 Qd2
28. Rb2 Qxd3 29. Rxf4 Qxh3+ 30. Rh2 1-0

[Event "27th North American Open"]
[Site "Las Vegas"]
[Date "2017.12.29"]
[Round "8"]
[White "Nguyen, Emily"]
[Black "Zhang, Xiaopeng"]
[Result "1/2-1/2"]
[WhiteElo "2164"]
[BlackElo "2265"]
[PlyCount "98"]
[EventDate "2017.12.??"]
[EventType "swiss"]
[EventRounds "9"]
[EventCountry "USA"]
[Source "MonRoi"]

1. d4 Nf6 2. Bg5 d5 3. Bxf6 exf6 4. e3 Bd6 5. c4 dxc4 6. Bxc4 O-O 7. Nf3 a6 8.
a4 b6 9. O-O Bb7 10. Nc3 Nd7 11. Qe2 f5 12. Rac1 Nf6 13. Rfd1 Ne4 14. d5 Re8
15. Qc2 g6 16. Nd4 Qh4 17. g3 Qf6 18. Nb3 h5 19. Bf1 h4 20. Bg2 hxg3 21. hxg3
Qe7 22. Nxe4 fxe4 23. a5 Qe5 24. Nd2 Bxd5 25. axb6 cxb6 26. Nxe4 Bxe4 27. Bxe4
Qxe4 28. Rxd6 b5 29. Qxe4 Rxe4 30. Rc7 Rb4 31. Rf6 Rf8 32. Rxa6 Rxb2 33. Rb6
Kg7 34. Rcb7 g5 35. Rxb5 Rxb5 36. Rxb5 f6 37. Kg2 Ra8 38. g4 Ra4 39. Kg3 Kg6
40. Rd5 Rb4 41. Rd4 Rb3 42. Re4 Ra3 43. f4 gxf4+ 44. Kxf4 Ra1 45. Rb4 Rf1+ 46.
Ke4 Kg5 47. Kd5 Rg1 48. Ke6 Rxg4 49. Rxg4+ Kxg4 1/2-1/2

[Event "27th North American Open"]
[Site "Las Vegas"]
[Date "2017.12.29"]
[Round "8"]
[White "Kretchetov, Alexandre"]
[Black "Ke, Ivan"]
[Result "1/2-1/2"]
[WhiteElo "2264"]
[BlackElo "2201"]
[PlyCount "69"]
[EventDate "2017.12.??"]
[EventType "swiss"]
[EventRounds "9"]
[EventCountry "USA"]
[Source "MonRoi"]

1. Nf3 Nf6 2. c4 e6 3. Nc3 d5 4. d4 Be7 5. Bf4 O-O 6. e3 c6 7. h3 Nbd7 8. a3 a5
9. cxd5 exd5 10. Bd3 Re8 11. O-O Nf8 12. Bh2 Ne6 13. Qc2 g6 14. Rab1 Ng7 15. b4
Bf5 16. Ne5 Nd7 17. Nxd7 Qxd7 18. Na4 Bxd3 19. Qxd3 Qf5 20. Qxf5 Nxf5 21. Nc5
axb4 22. axb4 b5 23. Rfc1 Bxc5 24. Rxc5 Re6 25. Rcc1 Ra4 26. Bc7 Ne7 27. Ba5
Nc8 28. Ra1 Rxa1 29. Rxa1 Nd6 30. Bb6 Kg7 31. Ra8 Nc4 32. Bc5 g5 33. g4 Nd2 34.
Kg2 h6 35. Rc8 1/2-1/2

[Event "27th North American Open"]
[Site "Las Vegas"]
[Date "2017.12.29"]
[Round "8"]
[White "Boros, Denes"]
[Black "Ravuri, Vinesh"]
[Result "1-0"]
[WhiteElo "2457"]
[BlackElo "2003"]
[PlyCount "145"]
[EventDate "2017.12.??"]
[EventType "swiss"]
[EventRounds "9"]
[EventCountry "USA"]
[Source "MonRoi"]

1. e4 e5 2. Nc3 Nf6 3. Nf3 Nc6 4. Be2 Be7 5. O-O O-O 6. d4 exd4 7. Nxd4 Bc5 8.
Nxc6 dxc6 9. Bf4 Bb6 10. Bd3 Re8 11. h3 Be6 12. Qf3 Nd7 13. Qg3 Nc5 14. Be2 Qe7
15. Kh1 Bd7 16. f3 Ne6 17. Bd2 Qd6 18. Qxd6 cxd6 19. Rad1 Rad8 20. Bc4 h6 21.
Ne2 Bc7 22. a3 Nc5 23. Bf4 Be6 24. Bxe6 fxe6 25. Be3 Bb6 26. c4 e5 27. Bxc5
dxc5 28. Nc1 Rd4 29. Rxd4 cxd4 30. Nd3 Kf7 31. h4 h5 32. Kh2 Bd8 33. g3 b6 34.
b4 Ke6 35. f4 exf4 36. Nxf4+ Kd7 37. Nxh5 Rxe4 38. Nxg7 d3 39. Rd1 Re2+ 40. Kh3
d2 41. Nh5 Bc7 42. Kg4 Rf2 43. Nf4 Bxf4 44. gxf4 Ke6 45. h5 Kf6 46. a4 a5 47.
b5 cxb5 48. cxb5 Rh2 49. Kg3 Re2 50. Kf3 Rh2 51. Ke4 Ke6 52. h6 Rxh6 53. Rxd2
Rh3 54. f5+ Ke7 55. Kd5 Rc3 56. Rd4 Rc5+ 57. Ke4 Rc1 58. Ke5 Re1+ 59. Kd5 Kd7
60. f6 Re2 61. f7 Rf2 62. Ke5+ Ke7 63. Rf4 Re2+ 64. Kd5 Kf8 65. Kc6 Re6+ 66.
Kc7 Rh6 67. Kb7 Rg6 68. Ka6 Re6 69. Rc4 Kxf7 70. Rc6 Re4 71. Kxb6 Rxa4 72. Ka7
Rb4 73. b6 1-0

[Event "27th North American Open"]
[Site "Las Vegas"]
[Date "2017.12.29"]
[Round "8"]
[White "Saleem, Arshaq"]
[Black "Atoufi, Pedram"]
[Result "0-1"]
[WhiteElo "2057"]
[BlackElo "2284"]
[PlyCount "72"]
[EventDate "2017.12.??"]
[EventType "swiss"]
[EventRounds "9"]
[EventCountry "USA"]
[Source "MonRoi"]

1. d4 Nf6 2. c4 g6 3. Nc3 Bg7 4. e4 d6 5. Be2 O-O 6. Nf3 Na6 7. O-O e5 8. Be3
Ng4 9. Bg5 Qe8 10. Re1 exd4 11. Nd5 f6 12. Bf4 Ne5 13. Nxd4 c6 14. Nc3 Qe7 15.
Bg3 Nc5 16. f4 Nf7 17. Bf1 Qc7 18. Qd2 a5 19. b3 Bd7 20. Bf2 Rae8 21. a3 f5 22.
exf5 Bxd4 23. Qxd4 Nxb3 24. Qf6 Nh6 25. Qg5 Rxf5 26. Rxe8+ Bxe8 27. Qxh6 Rh5
28. Qxh5 gxh5 29. Rd1 Bg6 30. Bg3 Qg7 31. Ne2 Qe7 32. Bf2 Qf6 33. f5 Bxf5 34.
Bg3 Qb2 35. Bxd6 Bg4 36. Re1 Bxe2 0-1

[Event "27th North American Open"]
[Site "Las Vegas"]
[Date "2017.12.29"]
[Round "8"]
[White "Yanayt, Eugene"]
[Black "Wu, Rochelle"]
[Result "1-0"]
[WhiteElo "2173"]
[BlackElo "1894"]
[PlyCount "59"]
[EventDate "2017.12.??"]
[EventType "swiss"]
[EventRounds "9"]
[EventCountry "USA"]
[Source "MonRoi"]

1. d4 d5 2. c4 c6 3. Nf3 Nf6 4. Nc3 e6 5. g3 dxc4 6. Bg2 b5 7. O-O Bb7 8. b3 b4
9. Na4 c3 10. Ne5 Be7 11. Qc2 O-O 12. Rd1 Qc7 13. Bf4 Bd6 14. Nc5 Nd5 15. Be4
Nf6 16. Bd3 a5 17. Nxb7 Qxb7 18. Bg5 Bxe5 19. dxe5 Ng4 20. Bxh7+ Kh8 21. Rd4 f5
22. exf6 gxf6 23. Rxg4 fxg5 24. Bg6 Qe7 25. h4 Qf6 26. f3 gxh4 27. Kf2 Ra7 28.
Rh1 Rd7 29. Rhxh4+ Kg8 30. Be8+ 1-0

[Event "27th North American Open"]
[Site "Las Vegas"]
[Date "2017.12.29"]
[Round "8"]
[White "Meduri, Aakaash"]
[Black "Inapuri, Ramya"]
[Result "0-1"]
[WhiteElo "2059"]
[BlackElo "2143"]
[PlyCount "72"]
[EventDate "2017.12.??"]
[EventType "swiss"]
[EventRounds "9"]
[EventCountry "USA"]
[Source "MonRoi"]

1. d4 d5 2. Bf4 Nf6 3. e3 g6 4. c3 Bg7 5. h3 O-O 6. Nf3 c5 7. Nbd2 b6 8. Be2
Bb7 9. O-O Nbd7 10. Re1 Re8 11. Qc2 a6 12. Ne5 Nxe5 13. Bxe5 Nd7 14. Bxg7 Kxg7
15. f4 f6 16. f5 e5 17. fxe6 Rxe6 18. Bf3 Qc7 19. Nf1 Rae8 20. Qf2 b5 21. g4
Nb6 22. Rad1 a5 23. dxc5 Qxc5 24. Rd4 Nc4 25. a3 Re5 26. b3 Nb6 27. Qb2 Qe7 28.
Qe2 Bc6 29. c4 bxc4 30. bxc4 Qxa3 31. cxd5 Bxd5 32. e4 Bf7 33. Ng3 a4 34. Kg2
Qc5 35. Rd2 a3 36. Ra1 Qc3 0-1

[Event "27th North American Open"]
[Site "Las Vegas"]
[Date "2017.12.30"]
[Round "9.1"]
[White "Li, Ruifeng"]
[Black "Sevian, Samuel"]
[Result "1/2-1/2"]
[WhiteElo "2569"]
[BlackElo "2614"]
[PlyCount "33"]
[EventDate "2017.12.??"]
[EventType "swiss"]
[EventRounds "9"]
[EventCountry "USA"]
[Source "MonRoi"]

1. d4 Nf6 2. Bf4 g6 3. e3 Bg7 4. Nf3 O-O 5. Be2 d6 6. h3 c5 7. O-O b6 8. c4 Bb7
9. Nc3 cxd4 10. exd4 d5 11. Ne5 dxc4 12. Bxc4 e6 13. Re1 Nd5 14. Qf3 Nc6 15.
Bxd5 exd5 16. Nxc6 Bxc6 17. Be5 1/2-1/2

[Event "27th North American Open"]
[Site "Las Vegas"]
[Date "2017.12.30"]
[Round "9.2"]
[White "Hess, Robert"]
[Black "Moradiabadi, Elshan"]
[Result "1/2-1/2"]
[WhiteElo "2568"]
[BlackElo "2528"]
[PlyCount "34"]
[EventDate "2017.12.??"]
[EventType "swiss"]
[EventRounds "9"]
[EventCountry "USA"]
[Source "MonRoi"]

1. d4 Nf6 2. Nf3 e6 3. g3 b6 4. Bg2 Bb7 5. O-O g6 6. c4 Bg7 7. Nc3 Ne4 8. Nxe4
Bxe4 9. Bg5 f6 10. Be3 Nc6 11. d5 Ne7 12. dxe6 dxe6 13. Qa4+ Bc6 14. Qa3 O-O
15. Rfd1 Qe8 16. Rac1 Nf5 17. Nd4 Bxg2 1/2-1/2

[Event "27th North American Open"]
[Site "Las Vegas"]
[Date "2017.12.30"]
[Round "9.3"]
[White "Jimenenz, Fidel"]
[Black "Aldama, Dionisio"]
[Result "0-1"]
[WhiteElo "2512"]
[BlackElo "2403"]
[PlyCount "42"]
[EventDate "2017.12.??"]
[EventType "swiss"]
[EventRounds "9"]
[EventCountry "USA"]
[Source "MonRoi"]

1. e4 e5 2. Nf3 Nc6 3. d4 exd4 4. Nxd4 Nf6 5. Nxc6 bxc6 6. e5 Qe7 7. Qe2 Nd5 8.
c4 Nb6 9. b3 a5 10. Bb2 a4 11. Nd2 axb3 12. axb3 Rxa1+ 13. Bxa1 Qa3 14. Qd1 Bb4
15. Bd3 Qa2 16. Ke2 d5 17. exd6 O-O 18. Bd4 Re8+ 19. Be3 Bg4+ 20. f3 Bc5 21.
Be4 Rxe4 0-1

[Event "27th North American Open"]
[Site "Las Vegas"]
[Date "2017.12.30"]
[Round "9.4"]
[White "Subramanian, Arun"]
[Black "Wheeler, Cameron"]
[Result "1-0"]
[WhiteElo "2490"]
[BlackElo "2384"]
[PlyCount "113"]
[EventDate "2017.12.??"]
[EventType "swiss"]
[EventRounds "9"]
[EventCountry "USA"]
[Source "MonRoi"]

1. d4 d5 2. c4 c6 3. e3 Nf6 4. Nc3 e6 5. Nf3 Nbd7 6. Qc2 Bd6 7. Bd3 dxc4 8.
Bxc4 O-O 9. O-O e5 10. h3 Qc7 11. Bb3 exd4 12. exd4 Nb6 13. Re1 Nbd5 14. Bg5 g6
15. Qd2 Bf5 16. Bxd5 Nxd5 17. Nxd5 cxd5 18. Rac1 Qb6 19. a3 f6 20. Bf4 Rac8 21.
Bxd6 Qxd6 22. Nh2 Kg7 23. Nf1 Rxc1 24. Rxc1 Rc8 25. Ne3 Rxc1+ 26. Qxc1 Be6 27.
Qc3 Qb6 28. Nc2 Qb5 29. Ne3 Bf7 30. h4 h5 31. Qd2 Be6 32. f3 Qb6 33. Kf2 Qd6
34. g3 g5 35. Ng2 Kg6 36. f4 g4 37. f5+ Bxf5 38. Nf4+ Kh6 39. Nxd5+ Kg7 40. Nf4
Bg6 41. Qc3 Bf7 42. Qd2 Qe7 43. Qc2 Qd6 44. Ke3 Qb6 45. b4 Qa6 46. Qd3 Qc6 47.
Kd2 Qh1 48. d5 Qa1 49. d6 Qb2+ 50. Ke1 Qc1+ 51. Kf2 Qb2+ 52. Ne2 Bg6 53. Qe3
Qc2 54. Qe7+ Bf7 55. d7 Qf5+ 56. Kg1 Qb1+ 57. Kg2 1-0

[Event "27th North American Open"]
[Site "Las Vegas"]
[Date "2017.12.30"]
[Round "9"]
[White "Ghaemmaghami, Ehsan"]
[Black "Mandizha, Farai"]
[Result "1/2-1/2"]
[WhiteElo "2545"]
[BlackElo "2406"]
[PlyCount "120"]
[EventDate "2017.12.??"]
[EventType "swiss"]
[EventRounds "9"]
[EventCountry "USA"]
[Source "MonRoi"]

1. d4 Nf6 2. Nf3 g6 3. c4 Bg7 4. Nc3 O-O 5. e4 d6 6. Be2 e5 7. Be3 exd4 8. Nxd4
Re8 9. f3 Nc6 10. Qd2 Nh5 11. O-O Nxd4 12. Bxd4 Nf4 13. Rf2 Bxd4 14. Qxd4 Qg5
15. Kh1 Qc5 16. Rd1 Ne6 17. Qxc5 dxc5 18. Bf1 b6 19. Rfd2 Bb7 20. Kg1 Bc6 21.
Kf2 Kg7 22. g3 a6 23. Nd5 a5 24. Nc3 Nd4 25. Ne2 Nxe2 26. Bxe2 Re7 27. Bf1 Rae8
28. Bh3 Ba4 29. b3 Bc6 30. Bd7 Bxd7 31. Rxd7 Kf6 32. Rd8 Ke6 33. f4 f6 34. Kf3
Kf7 35. R1d7 Rxd8 36. Rxd8 Kg7 37. a4 Kf7 38. g4 Kg7 39. h3 Kf7 40. h4 h6 41.
Rd5 Kg7 42. f5 gxf5 43. gxf5 h5 44. Kf4 Kf7 45. Rd8 Kg7 46. e5 Rxe5 47. Rd7+
Kf8 48. Rxc7 Re1 49. Rb7 Rh1 50. Ke4 Re1+ 51. Kd5 Re5+ 52. Kc6 Rxf5 53. Kxb6
Re5 54. Rc7 Re3 55. Rxc5 Rxb3+ 56. Rb5 Rb4 57. c5 Rxa4 58. c6 Rc4 59. c7 Ke7
60. Rxa5 Kd6 1/2-1/2

[Event "27th North American Open"]
[Site "Las Vegas"]
[Date "2017.12.30"]
[Round "9"]
[White "Li, Ben"]
[Black "Shmelov, Denys"]
[Result "1/2-1/2"]
[WhiteElo "2318"]
[BlackElo "2420"]
[PlyCount "91"]
[EventDate "2017.12.??"]
[EventType "swiss"]
[EventRounds "9"]
[EventCountry "USA"]
[Source "MonRoi"]

1. d4 d5 2. Nf3 Nf6 3. c4 c6 4. Nc3 dxc4 5. a4 Bf5 6. Nh4 e6 7. Nxf5 exf5 8. e3
Bb4 9. Bxc4 O-O 10. O-O Nbd7 11. f3 Qa5 12. Qc2 Rac8 13. Na2 Bd6 14. b4 Qc7 15.
Qxf5 Bxh2+ 16. Kh1 g6 17. Qh3 Bd6 18. e4 Nh5 19. Kg1 Bf4 20. Nc3 Nb6 21. Ba2
Qd6 22. Ne2 Bxc1 23. Rfxc1 Qxb4 24. a5 Qd2 25. axb6 Qxe2 26. bxa7 Ra8 27. Qh4
Rfd8 28. Qe7 Qe3+ 29. Kh1 Qf4 30. Bc4 Ng3+ 31. Kg1 b5 32. Bf1 Qe3+ 33. Kh2 Nf5
34. Qf6 Qf4+ 35. Kg1 Qe3+ 36. Kh2 Nxd4 37. Rd1 Qh6+ 38. Kg1 Qe3+ 39. Kh1 Ne6
40. Rxd8+ Nxd8 41. Qe5 Qh6+ 42. Kg1 Qe3+ 43. Kh1 Qb6 44. Qe8+ Kg7 45. Rd1 Qe3
46. Rxd8 1/2-1/2